Statistics for All countries from furthest to closest to Equator, with a map

Click here to take the quiz!

General Stats

  • This quiz has been taken 204 times
  • The average score is 149 of 196

Answers on the Map

Answers color-coded by a green-red scale on the quiz's map according to % correct below.
 

Answer Stats

LatCountry% Correct
59°30'NFFinland
99%
63°17'NIIceland
99%
57°57'NNNorway
99%
54°34'NDDenmark
96%
57°31'NEEstonia
96%
55°40'NLLatvia
96%
55°20'NSSweden
96%
51°15'NBBelarus
95%
51°23'NIIreland
95%
53°54'NLLithuania
95%
49°52'NUUnited Kingdom
95%
49°30'NBBelgium
93%
48°33'NCCzech Republic
93%
47°17'NGGermany
93%
49°00'NPPoland
93%
47°44'NSSlovakia
93%
46°23'NAAustria
92%
45°45'NHHungary
92%
49°27'NLLuxembourg
92%
45°25'NSSlovenia
92%
45°50'NSSwitzerland
92%
44°23'NUUkraine
92%
47°03'NLLiechtenstein
91%
45°28'NMMoldova
91%
41°54'NVVatican City
91%
42°26'NAAndorra
90%
38°50'NAArmenia
90%
38°24'NAAzerbaijan
90%
41°15'NBBulgaria
90%
41°41'NCCanada
90%
42°23'NCCroatia
90%
41°03'NGGeorgia
90%
34°49'NGGreece
90%
35°30'NIItaly
90%
40°34'NKKazakhstan
90%
41°48'NKKosovo
90%
39°10'NKKyrgyzstan
90%
33°03'NLLebanon
90%
41°34'NMMongolia
90%
43°38'NRRomania
90%
41°11'NRRussia
90%
36°40'NTTajikistan
90%
35°09'NTTurkmenistan
90%
37°11'NUUzbekistan
90%
39°39'NAAlbania
89%
42°34'NBBosnia and Herzegovina
89%
34°34'NCCyprus
89%
29°30'NIIsrael
89%
35°47'NMMalta
89%
41°51'NMMontenegro
89%
40°52'NNNorth Macedonia
89%
42°13.NSSerbia
89%
32°19'NSSyria
89%
35°49'NTTurkey
89%
29°23'NAAfghanistan
88%
29°04'NIIraq
88%
29°11'NJJordan
88%
43°44'NMMonaco
88%
37°40'NNNorth Korea
88%
43°54'NSSan Marino
88%
33°06'NSSouth Korea
88%
30°15'NTTunisia
87%
25°04'NIIran
86%
28°32'NKKuwait
86%
30°03'NPPortugal
86%
24°28'NQQatar
86%
30°05'SUUruguay
86%
17°42'NJJamaica
85%
15°37'SZZimbabwe
85%
26°43'NBBhutan
84%
20°25'NJJapan
84%
26°22'NNNepal
84%
16°39'NOOman
84%
18°01'NHHaiti
83%
23°42'NPPakistan
83%
22°20'SSSouth Africa
83%
13°07'SVVanuatu
83%
12°06'NYYemen
83%
21°48'SAArgentina
82%
17°46'SBBotswana
82%
25°44'SEEswatini
82%
28°34'SLLesotho
82%
16°56'SNNamibia
82%
29°13'SNNew Zealand
82%
17°28'NDDominican Republic
81%
12°30'SFFiji
81%
27°38'NSSpain
81%
22°38'NUUnited Arab Emirates
81%
17°19'SCChile
80%
19°50'NCCuba
80%
21°44'NEEgypt
80%
19°17'SPParaguay
80%
15°36'STTonga
80%
18°58'NAAlgeria
79%
16°56'NAAntigua and Barbuda
79%
25°34'NBBahrain
79%
15°12'NDDominica
79%
12°59'NHHonduras
79%
20°55'NBBahamas
78%
20°35'NBBangladesh
78%
13°44'NGGuatemala
78%
19°30'NLLibya
78%
14°32'NMMexico
78%
21°20'NMMorocco
78%
17°06'NSSaint Kitts and Nevis
78%
16°23'NSSaudi Arabia
78%
13°09'NEEl Salvador
76%
15°53'NBBelize
75%
12°22'NEEritrea
75%
13°55'NLLaos
75%
14°43'NMMauritania
75%
13°42'NSSaint Lucia
75%
12°18'NSSenegal
75%
13°03'NBBarbados
74%
11°57'SMMadagascar
74%
13°25'SSSamoa
74%
10°56'NDDjibouti
73%
13°02'NGGambia
73%
10°27'SMMozambique
73%
08°14'SZZambia
73%
11°59'NGGrenada
72%
12°32'NSSaint Vincent and the Grenadines
72%
14°48'NCCape Verde
71%
09°22'SMMalawi
71%
10°52'NGGuinea-Bissau
70%
10°23'NTTaiwan
70%
07°51'NVVietnam
70%
06°44'NIIndia
69%
11°42'NNNiger
69%
09°16'SAAustralia
68%
10°25'SMMauritius
68%
10°43'NNNicaragua
68%
09°40'SBBolivia
67%
11°22'SCComoros
67%
07°12'NGGuinea
66%
10°09'NMMali
66%
05°53'NUUnited States
66%
09°55'NCCambodia
65%
08°51'NCChina
65%
10°03'NTTrinidad and Tobago
65%
00°00'UUganda
65%
00°00'KKenya
64%
12°01'NNNetherlands
64%
05°55'NSSri Lanka
64%
06°14'NBBenin
63%
09°24'NBBurkina Faso
63%
08°19'SEEast Timor
63%
09°36'NMMyanmar
63%
07°11'NPPanama
63%
08°41'NSSudan
63%
06°07'NTTogo
63%
00°00'BBrazil
62%
07°27'NCChad
62%
02°06'NFFrance
62%
00°00'DDemocratic Republic of the Congo
61%
06°56'NSSierra Leone
61%
05°39'STTuvalu
61%
00°00'CColombia
60%
00°00'EEcuador
60%
00°00'GGabon
60%
00°00'IIndonesia
60%
01°03'SRRwanda
59%
05°37'NTThailand
59%
04°24'SAAngola
58%
01°39'NCCameroon
58%
05°31'NCCosta Rica
58%
04°44'NGGhana
58%
00°07'NKKiribati
58%
02°13'NCCentral African Republic
57%
00°53'NEEquatorial Guinea
57%
04°17'NNNigeria
57%
00°01'SPPeru
57%
04°35'NPPhilippines
57%
00°00'RRepublic of the Congo
57%
00°00'SSomalia
57%
02°18'SBBurundi
56%
03°24'NEEthiopia
56%
01°01'NFFederated States of Micronesia
56%
04°22'NIIvory Coast
56%
04°21'NLLiberia
56%
00°52'SPPapua New Guinea
56%
01°11'NGGuyana
55%
00°00'SSão Tomé and Príncipe
55%
05°13'SSSolomon Islands
55%
00°59'STTanzania
55%
00°40'NVVenezuela
55%
03°29'NSSouth Sudan
54%
01°50'NSSuriname
54%
00°51'NMMalaysia
53%
00°30'SNNauru
53%
00°10'SMMaldives
52%
02°47'NPPalau
52%
03°43'SSSeychelles
52%
01°09'NSSingapore
52%
04°34'NMMarshall Islands
51%
04°00'NBBrunei
49%

Score Distribution

Percentile by Number Answered

Percent of People with Each Score

Your Score History

You have not taken this quiz